书目信息 |
| 题名: |
音乐心理
|
|
| 作者: | 张凯 著 | |
| 分册: | ||
| 出版信息: | 重庆 西南师范大学出版社 2000 |
|
| 页数: | 276页 | |
| 开本: | 20cm | |
| 丛书名: | 音乐教育丛书 | |
| 单 册: | ||
| 中图分类: | J60-05 | |
| 科图分类: | ||
| 主题词: | 音乐--关系--心理学 | |
| 电子资源: | ||
| ISBN: | 7-5621-2106-0 | |
| 000 | 00590nam2 2200217 45 | |
| 001 | 0410260885 | |
| 005 | 20041026083649.6 | |
| 010 | @a7-5621-2106-0@dCNY15.00 | |
| 100 | @a20041026d2000 km y0chiy0120 ea | |
| 101 | 0 | @achi |
| 105 | @a z 000yy | |
| 200 | 1 | @a音乐心理@AYin Yue Xin Li@f张凯著@FZhang Kai Zhu |
| 210 | @a重庆@c西南师范大学出版社@d2000 | |
| 215 | @a276页@d20cm | |
| 225 | @a音乐教育丛书 | |
| 410 | @12001 @a音乐教育丛书 | |
| 606 | 0 | @a音乐@x关系@x心理学 |
| 690 | @aJ60-05@v4 | |
| 701 | 0 | @a张凯@4著 |
| 801 | @aCN@bTSTCL@c20041026 | |
| 905 | @b336070-074@dJ60-05@e274@f5 | |
| 音乐心理/张凯著.-重庆:西南师范大学出版社,2000 |
| 276页;20cm.-(音乐教育丛书) |
| ISBN 7-5621-2106-0:CNY15.00 |
| ● |
| 相关链接 |
|
|
|
|
正题名:音乐心理
索取号:J60-05/274
 
预约/预借
| 序号 | 登录号 | 条形码 | 馆藏地/架位号 | 状态 | 备注 |
| 1 | 0336070 | 203360709 | 第一借阅区/ [索取号:J60-05/274] | 在馆 | |
| 2 | 0336071 | 203360718 | 第一借阅区/ [索取号:J60-05/274] | 在馆 | |
| 3 | 0336072 | 203360727 | 第一借阅区/ [索取号:J60-05/274] | 在馆 | |
| 4 | 0336073 | 203360736 | 第一借阅区/ [索取号:J60-05/274] | 在馆 | |
| 5 | 0336074 | 203360745 | 第一样本阅览室/ [索取号:J60-05/274] | 在馆 |